| 000 | 00000nam##2200000za#4500 |
| 001 | 9.697521 |
| 003 | CaOODSP |
| 005 | 20210624235522 |
| 007 | cr ||||||||||| |
| 008 | 150407|1990||||xxc|||||o f|0| 0 eng|d |
| 040 | |aCaOODSP|beng |
| 043 | |an-cn--- |
| 086 | 1 |aCS99-112/1990E-PDF |
| 245 | 00|aUser's guide to 1986 Census data on mobility |h[electronic resource] |
| 246 | 1 |iSeries title also given on publication as : |aCensus Canada 1986 |
| 260 | |aOttawa - Ontario : |bStatistics Canada |c1990. |
| 500 | |aHistorical census publication digitized by Statistics Canada. |
| 590 | |a13-07-Supp|b2013-03-25 |
| 690 | 07|aCensus|2gcpds |
| 710 | 2 |aStatistics Canada. |
| 775 | 08|tGuide à l'intention des utilisateurs données du Recensement de 1986 sur la mobilité |w(CaOODSP)9.641560 |
| 856 | 40|ahttp://publications.gc.ca|qPDF|s2.5 MB|uhttps://publications.gc.ca/collections/collection_2013/statcan/rh-hc/CS99-112-1990-eng.pdf |